000 02524aam a22003731i 4500
001 991017258969707026
003 UkOxU
005 20260511140247.0
006 m || d |
007 cr |||||||||||
008 220909s2022 nyua o 001 0 eng d
015 _aGBC2L6768
_2bnb
020 _a9781400235261
035 _a023227381-44oxf_inst
035 _a(UkOxU)023227381
035 _a(Uk)020820582
037 _a9781400235322
040 _aN$T
_beng
_erda
_epn
_cN$T
_dN$T
_dOCLCF
_dTEFOD
_dUk
041 _aeng
042 _aukblsr
050 4 _aHD69.P75
100 _aHeagney, Joseph
_eauthor
_913141
245 1 0 _aFundamentals of project management
_c/ Joseph Heagney.
250 _aSixth edition.
260 _aNew York, NY :
_bHarperCollins Leadership,
_c2022.
300 _a288 pages ;
_billustrations (black and white).
505 0 _aAn overview of project management -- The role of the project manager -- Planning the project -- Incorporating stakeholder management in the project planning process -- Developing a mission, vision, goals, and objectives for the project -- Creating the project risk and communication plans -- Using the work breakdown structure to plan a project -- Scheduling project work -- Producing a workable schedule -- Project control and evaluation -- The change control process -- Project control using earned value analysis -- Managing the project team -- The project manager as leader -- Closing the project -- Project Recovery -- How to make project management work in your company.
520 _aEnables project managers to understand priorities, maximize resources, and minimize risks in order to complete projects on time and on budget. For close to three decades, Fundamentals of Project Management has helped managers tackle the complexities of the job. Succinct and easy to read, this handbook simplifies concepts, answers questions, and helps tame the chaos that can erupt as projects move from planning to completion. The Sixth Edition of this trusted bestseller offers the practical guidelines and tools project managers have come to expect, along with new information explaining changes to the PMBOKĀ® Guide, 7th Edition.
540 _aRestricted: Printing from this resource is governed by The Legal Deposit Libraries (Non-Print Works) Regulations (UK) and UK copyright law currently in force.
_5UkOxU
588 0 _aPrint version record.
630 0 _aB2 PBT Project Management (BiM)
_926894
650 0 _aProject management
_91664
942 _2lcc
999 _c4860
_d4860